书目信息 |
| 题名: |
流域水污染治理绩效与治理体系关系及提升策略研究
|
|
| 作者: | 潘护林 著 | |
| 分册: | ||
| 出版信息: | 长春 吉林大学出版社 2025.01 |
|
| 页数: | 311页 | |
| 开本: | 24cm | |
| 丛书名: | ||
| 单 册: | ||
| 中图分类: | X52 | |
| 科图分类: | ||
| 主题词: | 水污染防治--shui wu ran fang zhi--研究--中国 | |
| 电子资源: | ||
| ISBN: | 978-7-5768-3800-8 | |
| 000 | 01419nam0 2200277 450 | |
| 001 | 97533 | |
| 005 | 20250919171123.80 | |
| 010 | @a978-7-5768-3800-8@dCNY98.00 | |
| 100 | @a20250401d2025 em y0chiy50 ea | |
| 101 | 0 | @achi |
| 102 | @aCN@b220000 | |
| 105 | @ay a 000yy | |
| 106 | @ar | |
| 106 | @ar | |
| 200 | 1 | @a流域水污染治理绩效与治理体系关系及提升策略研究@Aliu yu shui wu ran zhi li ji xiao yu zhi li ti xi guan xi ji ti sheng ce lve yan jiu@f潘护林著 |
| 210 | @a长春@c吉林大学出版社@d2025.01 | |
| 215 | @a311页@d24cm | |
| 300 | @a浙江省社科规划课题成果 | |
| 314 | @a潘护林, 男, 现任职于浙江财经大学公共管理学院城乡规划系, 副教授 ; 毕业于中国科学院研究生院人文地理学专业, 博士研究生学历 ; 主要研究方向为生态经济学与水资源、水环境管理 ; 主要著作有《居民幸福视角下水资源管理模式研究》等。 | |
| 320 | @a有书目 (第307-311页) | |
| 330 | @a本书基于整体视角和系统思维, 引入水环境综合治理理念和相关理论, 将流域整体而非行政区作为水污染治理的基本地域单元, 采用定性与定量相结合的方法, 构建综合评价指标体系与耦合关系数理模拟模型, 对我国重点流域水污染治理绩效和治理体系进行多维度综合评价, 探究流域水污染治理绩效与治理体系内在关系机理, 并对我国流域水污染治理体系系统地提出优化策略, 以提高我国流域水污染治理的水平和成效。 | |
| 606 | 0 | @a水污染防治@Ashui wu ran fang zhi@x研究@y中国 |
| 690 | @aX52@v5 | |
| 701 | 0 | @a潘护林@Apan hu lin@4著 |
| 801 | 0 | @aCN@c20250909 |
| 905 | @a河南城建学院图书馆@dX52@eP130@f1 | |
| 流域水污染治理绩效与治理体系关系及提升策略研究/潘护林著.-长春:吉林大学出版社,2025.01 |
| 311页;24cm |
| 浙江省社科规划课题成果 |
| ISBN 978-7-5768-3800-8:CNY98.00 |
| 本书基于整体视角和系统思维, 引入水环境综合治理理念和相关理论, 将流域整体而非行政区作为水污染治理的基本地域单元, 采用定性与定量相结合的方法, 构建综合评价指标体系与耦合关系数理模拟模型, 对我国重点流域水污染治理绩效和治理体系进行多维度综合评价, 探究流域水污染治理绩效与治理体系内在关系机理, 并对我国流域水污染治理体系系统地提出优化策略, 以提高我国流域水污染治理的水平和成效。 |
| ● |
| 相关链接 |
|
|
|
正题名:流域水污染治理绩效与治理体系关系及提升策
索取号:X52/P130
 
预约/预借
| 序号 | 登录号 | 条形码 | 馆藏地/架位号 | 状态 | 备注 |
| 1 | 1638579 | 216385793 | 自科库501/501自科库 100排2列3层/ [索取号:X52/P130] | 在馆 |